IFM Opac

India, planning commission, the third plan progress report 1963-65. (Record no. 13953)

MARC details
000 -LEADER
fixed length control field 00280nam a22000977a 4500
082 ## - DEWEY DECIMAL CLASSIFICATION NUMBER
Classification number 338.954IND.
245 ## - TITLE STATEMENT
Title India, planning commission, the third plan progress report 1963-65.
260 ## - PUBLICATION, DISTRIBUTION, ETC.
Place of publication, distribution, etc. Dar es salaam.
Name of publisher, distributor, etc. High Commission of India.
Date of publication, distribution, etc. 1967.
300 ## - PHYSICAL DESCRIPTION
Extent 186p.
Other physical details 23cm.
942 ## - ADDED ENTRY ELEMENTS (KOHA)
Koha item type Books
Holdings
Withdrawn status Lost status Source of classification or shelving scheme Damaged status Not for loan Home library Current library Shelving location Date acquired Full call number Barcode Date last seen Price effective from Koha item type
    Dewey Decimal Classification     IFM Main Campus Library IFM Main Campus Library   11/13/2015 338.954IND. 0000008163 11/13/2015 11/13/2015 Books